000 00659nam a2200253Ia 4500
005 20250425162535.0
008 250425s9999 xx 000 0 und d
020 _a8484761290
041 _aspa
082 _a664.02
100 _aSANCHEZ PINEDA, MARIA TERESA
245 0 _aPROCESOS DE ELABORACION DE ALIMENTOS Y BEBIDAS
250 _a1A ED.
260 _aEspaƱa
_bAMV EDICIONES, MUNDI-PRENSA
_c2003
260 _aMADRID
300 _a518
650 _aCONTROL DE CALIDAD
650 _aEMBUTIDOS
650 _aINDUSTRIA ALIMENTARIA
650 _aINGENIERIA DE PROCESOS
650 _aSEGURIDAD ALIMENTARIA
942 _c01
010 _a84367
999 _c231321
_d231321